| 000 | 00456cam a2200181ua 4500 | ||
|---|---|---|---|
| 001 | 9799 | ||
| 008 | 160228n II |||gr||||Z||||||eng | ||
| 040 | _aMAIN | ||
| 041 | _aEnglish | ||
| 082 | _a425 WOO | ||
| 100 | _aWOOD , F.T . | ||
| 245 | _aA REMEDIAL ENGLISH GRAMMER FOR FOREIGN STUDENTS | ||
| 260 |
_aPATNA: _bMACMILLAN INDIA LTD., _c1965. |
||
| 300 |
_a213.: _c20CM. |
||
| 653 | _aEnglish grammar | ||
| 700 |
_aWOOD , F.T ., _eAUTHOR., |
||
| 942 | _cBK | ||
| 999 |
_c9770 _d9770 |
||